| Tag |
First Indicator |
Second Indicator |
Subfields |
| LEADER |
00000cam a2200000 a 4500 |
| 001 |
in00000092246 |
| 005 |
20160811150433.0 |
| 008 |
800721m19829999flua b 00100 engm |
| 010 |
|
|
|a 80023817
|
| 020 |
|
|
|a 0849302269 (v. 1)
|
| 020 |
|
|
|a 0849302277 (v. 2)
|
| 020 |
|
|
|a 0849302285 (v. 3)
|
| 035 |
|
|
|a (OCoLC)06602738
|
| 035 |
|
|
|9 AAK7328AM
|
| 040 |
|
|
|a DLC
|c DLC
|d m.c.
|d TXA
|d UtOrBLW
|
| 049 |
|
|
|a TXAM
|c 1
|v 1 [1504148]
|v 2 [1504149]
|v 3 [274471]
|c 2
|v 1 [802563]
|v 2 [274470]
|c 3
|v 1 [274472]
|
| 050 |
0 |
0 |
|a QE431.6.P5
|b H36 1982
|
| 082 |
0 |
|
|a 552/.06
|2 19
|
| 245 |
0 |
0 |
|a Handbook of physical properties of rocks /
|c editor, Robert S. Carmichael.
|
| 264 |
|
1 |
|a Boca Raton, Fla. :
|b CRC Press,
|c [1982-]
|
| 264 |
|
4 |
|c ©1982-
|
| 300 |
|
|
|a 3 volumes :
|b illustrations ;
|c 26 cm.
|
| 336 |
|
|
|a text
|b txt
|2 rdacontent
|
| 337 |
|
|
|a unmediated
|b n
|2 rdamedia
|
| 338 |
|
|
|a volume
|b nc
|2 rdacarrier
|
| 504 |
|
|
|a Includes bibliographies and index.
|
| 650 |
|
0 |
|a Rocks
|x Handbooks, manuals, etc.
|
| 700 |
1 |
|
|a Carmichael, Robert S.
|
| 740 |
0 |
|
|a Handbook of physical properties of rocks.
|
| 999 |
|
|
|a MARS
|
| 999 |
f |
f |
|s 9261d2a7-0ae5-3d53-a6c5-f918bdf11deb
|i 5c53f558-b2a1-3fd3-b1f1-00a628560bb5
|t 0
|
| 952 |
f |
f |
|p normal
|a Texas A&M University
|b College Station
|c Sterling C. Evans Library
|d Evans: Library Stacks
|t 0
|e QE431.6.P5 H36 1982
|h Library of Congress classification
|i unmediated -- volume
|k v.1
|m A14806348437
|
| 952 |
f |
f |
|p normal
|a Texas A&M University
|b College Station
|c Sterling C. Evans Library
|d Evans: Library Stacks
|t 0
|e QE431.6.P5 H36 1982
|h Library of Congress classification
|i unmediated -- volume
|k v.2
|m A14806348445
|
| 952 |
f |
f |
|p normal
|a Texas A&M University
|b College Station
|c Sterling C. Evans Library
|d Evans: Library Stacks
|t 0
|e QE431.6.P5 H36 1982
|h Library of Congress classification
|i unmediated -- volume
|k v.3
|m A14808733523
|
| 952 |
f |
f |
|p normal
|a Texas A&M University
|b College Station
|c Sterling C. Evans Library
|d Evans: Library Stacks
|t 0
|e QE431.6.P5 H36 1982
|h Library of Congress classification
|i unmediated -- volume
|k v.2
|m A14808733581
|
| 998 |
f |
f |
|a QE431.6.P5 H36 1982
|s v.1-v.2
|t 0
|l Evans: Library Stacks
|
| 998 |
f |
f |
|a QE431.6.P5 H36 1982
|s v.1-v.3
|t 0
|l Evans: Library Stacks
|